000
00292nam a22001337a 4500
008
170810b xxu||||| |||| 00| 0 eng d
020
_a
9780130211071
041
_a
eng
080
_a
004
100
_a
35
101
_a
SHK
245
_a
PROCESS CONTROL MODULES
_c
DOYLE,F.J
942
_2
udc
_c
BK
999
_c
23205
_d
23205